Πρωτογενής τομέας : εξελίξεις και προοπτικές ανάπτυξης, 1994-1999
Αποθηκεύτηκε σε:
| Κύριος συγγραφέας: | |
|---|---|
| Συγγραφή απο Οργανισμό/Αρχή: | |
| Μορφή: | Βιβλίο |
| Γλώσσα: | Greek |
| Δημοσίευση: |
Αθήνα :
Κέντρο Προγραμματισμού και Οικονομικών Ερευνών,
1995.
|
| Σειρά: | Εκθέσεις (Κέντρο Προγραμματισμού και Οικονομικών Ερευνών)
17 |
| Θέματα: | |
| Ετικέτες: |
Προσθήκη ετικέτας
Δεν υπάρχουν, Καταχωρήστε ετικέτα πρώτοι!
|
MARC
| LEADER | 00000cam a2200000 i 4500 | ||
|---|---|---|---|
| 001 | 1/1817 | ||
| 008 | 950725s1995 gr | ||| |||| ||gre|| | ||
| 020 | |a 9603410144 | ||
| 035 | |l 10014587 | ||
| 040 | |a GR-MyUa |b gre |e AACR2 | ||
| 041 | 0 | |a gre | |
| 082 | 0 | |a 338.109495 |2 (22) | |
| 100 | 1 | |a Λαμπροπούλου, Αναστασία. | |
| 245 | 1 | 0 | |a Πρωτογενής τομέας : |b εξελίξεις και προοπτικές ανάπτυξης, 1994-1999 / |c Αναστασίας Ν. Λαμπροπούλου. |
| 260 | |a Αθήνα : |b Κέντρο Προγραμματισμού και Οικονομικών Ερευνών, |c 1995. | ||
| 300 | |a 90 σ. | ||
| 490 | 1 | |a (Εκθέσεις / Κέντρο Προγραμματισμού και Οικονομικών Ερευνών ; |v 17) | |
| 650 | 0 | |a Agriculture |x Economic aspects |z Greece. | |
| 650 | 0 | |a Rural development |x Government policy |z Greece. | |
| 650 | 0 | |a Agricultural development projects |z Greece. | |
| 710 | 2 | |a Κέντρο Προγραμματισμού και Οικονομικών Ερευνών. | |
| 830 | 0 | |a Εκθέσεις (Κέντρο Προγραμματισμού και Οικονομικών Ερευνών) |v 17 | |
| 852 | |a INST |b LESVOS |e 19950725 |h 338.109495 ΛΑΜ |p 005100007596 |q 005100007596 |t BK |y 0 | ||
| 922 | |a 1ΔΩΡ |b 199507 |c ΚΕΠΕ | ||